000
00241nam a22001097a 4500
082
_a
080
100
_a
Singh , Sanjay
_9
33479
245
_a
Art of Success
260
_a
Delhi
_b
Apple Books
_c
2018
650
_a
Motivation
_9
80798
942
_c
BK
999
_c
64044
_d
64044